| 000 | 00000nam 2200000zi 4500 |
| 001 | 9.931230 |
| 003 | CaOODSP |
| 005 | 20240116131849 |
| 006 | m o d f |
| 007 | cr |n||||||||| |
| 008 | 231130n2022 onca o f000 0 eng d |
| 040 | |aCaOODSP|beng|erda|cCaOODSP |
| 043 | |an-cn--- |
| 086 | 1 |aIu86-72/2022E-PDF |
| 245 | 00|aMaking the most of social : |btips for small and medium-sized tourism businesses. |
| 264 | 1|a[Ottawa] : |b[Destination Canada], |c[2022] |
| 300 | |a1 online resource (2 unnumbered pages) : |billustrations |
| 336 | |atext|btxt|2rdacontent |
| 337 | |acomputer|bc|2rdamedia |
| 338 | |aonline resource|bcr|2rdacarrier |
| 500 | |aIssued also in French under title: Conseils aux petites et moyennes entreprises touristiques pour exploiter pleinement les médias sociaux. |
| 520 | |a"Organic social media content is a powerful marketing and brand building tool for the travel industry. As a popular space for travel inspiration and travel-related decision making across many audiences, having a strong presence on social media can assist your tourism business in creating relationships and ultimately conversions"--Page [1]. |
| 650 | 0|aTourism|zCanada|xMarketing. |
| 650 | 0|aSocial media|zCanada. |
| 710 | 2 |aDestination Canada, |eissuing body |
| 775 | 08|tConseils aux petites et moyennes entreprises touristiques pour exploiter pleinement les médias sociaux.|w(CaOODSP)9.931306 |
| 856 | 40|qPDF|s86 KB|uhttps://publications.gc.ca/collections/collection_2023/dc/Iu86-72-2022-eng.pdf |